Polskie miasta po podpowiedzi - Statystyki

Ogólne statystyki
  • Ten quiz został rozwiązany 40 razy
  • Średni wynik to 9 z 15
Statystyki odpowiedzi
Podpowiedź Miasto % Poprawnych
Znajduje się w nim najstarszy polski uniwersytet Kraków
100%
W tym mieście znajduje się wyspa Ostrów Tumski Poznań, Wrocław
92%
To miasto nazywane jest polską stolicą piernika Toruń
92%
W tym mieście znajduje się Jasna Góra Częstochowa
84%
Nagrywano tam "Ojca Mateusza" Sandomierz
81%
Miasto, które jest kolebką "Solidarności" Gdańsk
78%
Stolica polskiej piosenki Opole
76%
Miasto znane z figury Jezusa Chrystusa Świebodzin
62%
Jest najwyżej położonym miastem w Polsce Zakopane
59%
W tym mieście kręcono Bolka i Lolka Bielsko-Biała
51%
Znajduje się w nim największa polska kopalnia węgla Bełchatów
32%
W tym małym mieście działał Mikołaj Kopernik Frombork
32%
To miasto położone jest nad Jeziorem Jamno Koszalin, Mielno
24%
Najmniejsze polskie miasto Opatowiec
14%
To miasto posiada najdłuższy brukowany rynek w Europie Pułtusk
8%
Nie znaleziono quizów pasujących do podanych kryteriów
Rozkład punktacji
Procent ludzi z każdym wynikiem
Percentyl według liczby udzielonych odpowiedzi
Twoja historia wyników
Nie rozwiązałeś tego quizu